Cardiff quiz - Statistics

General Stats
  • This quiz has been taken 409 times
    353 since last reset
  • The average score is 7 of 10
Answer Stats
Hint Answer % Correct
Colour of the buses green
88%
main shopping centre st davids
85%
river through cardiff taff
84%
park behind the castle bute
82%
current name of the old millenium stadium principality
82%
Name of the welsh assemby bulding senedd
70%
nickname for Caroline St. Chippy alley
65%
cinema in red dragon centre odeon
59%
what does the man on queen street shout happy days
27%
which bus goes to Patmawr 23/21
26%
No matching quizzes found
Score Distribution
Percent of People with Each Score
Percentile by Number Answered
Your Score History
You have not taken this quiz since the last reset